Historia fundamental y cronológica de Azua / (Record no. 21216)
[ view plain ]
| 000 -CABECERA | |
|---|---|
| campo de control de longitud fija | 00819nam a2200205 a 4500 |
| 001 - NÚMERO DE CONTROL | |
| campo de control | 000021717 |
| 005 - FECHA Y HORA DE LA ÚLTIMA TRANSACCIÓN | |
| campo de control | 20200930011425.0 |
| 008 - DATOS DE LONGITUD FIJA--INFORMACIÓN GENERAL | |
| campo de control de longitud fija | 100910s2007 dr c 000 0 spa d |
| 040 ## - FUENTE DE LA CATALOGACIÓN | |
| Centro catalogador/agencia de origen | DO-SdBNP |
| Lengua de catalogación | spa |
| Centro/agencia transcriptor | BNPHU |
| 082 ## - NÚMERO DE LA CLASIFICACIÓN DECIMAL DEWEY | |
| Número de clasificación | 972.9372 |
| Número de documento/Ítem | C965h |
| 049 ## - FONDOS LOCALES (OCLC) | |
| Fondos de biblioteca | BNPD |
| 100 1# - ENTRADA PRINCIPAL--NOMBRE DE PERSONA | |
| Nombre de persona | Cuello, Rafael Antonio |
| 9 (RLIN) | 45156 |
| 245 10 - MENCIÓN DE TÍTULO | |
| Título | Historia fundamental y cronológica de Azua / |
| Mención de responsabilidad, etc. | Rafael Antonio Cuello ; prólogo Rafael Guaroa D Soto Sánchez. |
| 260 ## - PUBLICACIÓN, DISTRIBUCIÓN, ETC. | |
| Lugar de publicación, distribución, etc. | Santo Domingo : |
| Nombre del editor, distribuidor, etc. | Susaeta, |
| Fecha de publicación, distribución, etc. | 2007. |
| 500 ## - NOTA GENERAL | |
| Nota general | La biblioteca posee 1 ejemplar autografiado por el autor. |
| 651 #4 - PUNTO DE ACCESO ADICIONAL DE MATERIA--NOMBRE GEOGRÁFICO | |
| Nombre geográfico | Azua (República Dominicana{Rpara} |
| Subdivisión general | Historia Local |
| 9 (RLIN) | 22073 |
| 651 #4 - PUNTO DE ACCESO ADICIONAL DE MATERIA--NOMBRE GEOGRÁFICO | |
| Nombre geográfico | Azua (República Dominicana{Rpara} |
| Subdivisión general | Vida Social Y Costumbres |
| 9 (RLIN) | 12428 |
| 651 #4 - PUNTO DE ACCESO ADICIONAL DE MATERIA--NOMBRE GEOGRÁFICO | |
| Nombre geográfico | República Dominicana |
| Subdivisión general | Historia |
| 9 (RLIN) | 170 |
| 700 1# - PUNTO DE ACCESO ADICIONAL--NOMBRE DE PERSONA | |
| Nombre de persona | D'Soto Sánchez, Rafael Guaroa, |
| Término indicativo de función/relación | pról. |
| 9 (RLIN) | 45157 |
| Estado de retiro | Estado de pérdida | Restricciones de uso | No para préstamo | Código de colección | Localización permanente | Ubicación/localización actual | Ubicación en estantería | Fecha de adquisición | Número de inventario | Total de préstamos | Signatura topográfica completa | Código de barras | Fecha visto por última vez | Número de copia | Precio válido a partir de | Tipo de ítem Koha |
|---|---|---|---|---|---|---|---|---|---|---|---|---|---|---|---|---|
| Dominicana de Servicio | General | General | En catalogación | 18.02.2011 | LF1 | 972.9372 C965h | 21717-30 | 25.06.2020 | e. 3 | 25.06.2020 | Libro y Folleto Colección Dominicana de Servicio | |||||
| Dominicana de Servicio | General | General | En catalogación | 10.06.2013 | LF1 | 972.9372 C965h | 21717-40 | 25.06.2020 | e. 4 | 25.06.2020 | Libro y Folleto Colección Dominicana de Servicio | |||||
| Excluido de préstamo | Patrimonio Dominicano | Patrimonio Dominicano | Patrimonio Dominicano | Depósito | 10.09.2010 | LF1 | 972.9372 C965h | 21717-10 | 25.06.2020 | 25.06.2020 | Libro y Folleto Colección Patrimonio Dominicano | |||||
| Excluido de préstamo | Patrimonio Dominicano | Patrimonio Dominicano | Patrimonio Dominicano | En catalogación | 18.02.2011 | LF1 | 972.9372 C965h | 21717-20 | 25.06.2020 | e. 2 | 25.06.2020 | Libro y Folleto Colección Patrimonio Dominicano |
